| 000 | 00549nam a2200193Ia 4500 | ||
|---|---|---|---|
| 003 | OSt | ||
| 005 | 20260101165128.0 | ||
| 008 | 008 250505s9999 xx 000 0 eng d | ||
| 037 | _aTextBook | ||
| 040 |
_aFEDL _beng _cFEDL |
||
| 041 |
_aeng _2eng |
||
| 082 | _a370.152, STE | ||
| 100 |
_aSteffe Leslie P Ed. _9777366 |
||
| 245 | 0 | _aConstructivism in education | |
| 260 |
_aHove, UK _bLawrence Erlbaum Associates Ltd. _c1995 |
||
| 300 | _a575p. | ||
| 942 |
_cTB _h370.152, STE _2ddc _n0 |
||
| 999 |
_c1387114 _d1387114 |
||